Кинетика и механизм превращений низкотемпературных форм глинозема в α-Al2O3 в присутствии добавок; Журнал прикладной химии; Т. 55, вып. 9

Detaylı Bibliyografya
Parent link:Журнал прикладной химии: химический журнал/ Российская академия наук.— , 1928-.— 0044-4618
Т. 55, вып. 9.— 1982.— С. 1946-1951
Diğer Yazarlar: Верещагин В. И. Владимир Иванович, Зелинский В. Ю., Хабас В. А., Колова Н. Н.
Dil:Rusça
Baskı/Yayın Bilgisi: 1982
Konular:
Materyal Türü: Kitap Bölümü
KOHA link:https://koha.lib.tpu.ru/cgi-bin/koha/opac-detail.pl?biblionumber=426360

MARC

LEADER 00000naa2a2200000 4500
001 426360
005 20240207100142.0
035 |a (RuTPU)RU\TPU\prd\85095 
090 |a 426360 
100 |a 20100705a1982 k y0rusy50 ca 
101 0 |a rus 
102 |a RU 
200 1 |a Кинетика и механизм превращений низкотемпературных форм глинозема в α-Al2O3 в присутствии добавок  |f В. И. Верещагин [и др.] 
461 1 |0 (RuTPU)RU\TPU\prd\164  |x 0044-4618  |t Журнал прикладной химии  |o химический журнал  |f Российская академия наук  |d 1928- 
463 1 |0 (RuTPU)RU\TPU\prd\83858  |t Т. 55, вып. 9  |v С. 1946-1951  |d 1982 
610 1 |a труды учёных ТПУ 
701 1 |a Верещагин  |b В. И.  |c химик-технолог  |c профессор Томского политехнического университета, доктор технических наук  |f 1942-  |g Владимир Иванович  |3 (RuTPU)RU\TPU\pers\19774  |9 7712 
701 1 |a Зелинский  |b В. Ю. 
701 1 |a Хабас  |b В. А. 
701 1 |a Колова  |b Н. Н. 
801 1 |a RU  |b 63413507  |c 20100705 
801 2 |a RU  |b 63413507  |c 20100705  |g RCR 
942 |c BK